000 00568nam a2200169Ia 4500
005 20250508153349.0
008 008 250505s9999 xx 000 0 eng d
037 _aBooks to be hide in OPAC
040 _aFEDL
_beng
_cFEDL
041 _aeng
_2eng
084 _a610, MSU/O
_qFEDL
245 0 _aStatistical report of medical examination reports of the students of M. S. university of Baroda for 1956-57 and 1957-58
245 4 _cThe Maharaja Sayajirao University of Baroda
300 _avi,59p.
942 _cHB
_h610, MSU/O
999 _c1342312
_d1342312